000
00287nam a2200121Ia 4500
008
190216s9999||||xx |||||||||||||| ||und||
100
_a
Ravindra Nath Tagoor
245
0
_a
Hindi- Aamck Ki Kir Kiri
260
_b
Raj Basha Pusthak
_c
2004
300
_a
208
650
_a
Hindi
942
_c
BK
999
_c
16491
_d
16491